Programming in C (Record no. 109406)

MARC details
000 -LEADER
fixed length control field 00344nam a2200145Ia 4500
008 - FIXED-LENGTH DATA ELEMENTS--GENERAL INFORMATION
fixed length control field 230917s9999||||xx |||||||||||||| ||und||
040 ## - CATALOGING SOURCE
-- 99863
Original cataloging agency VIVEKANANDA LIBRARY
041 ## - Language
-- English
082 ## - DDC NUMBER
Classification number 005.133 P192P
100 ## - MAIN ENTRY--PERSONAL NAME
Personal name Pandey, Ashutosh
245 #0 - TITLE STATEMENT
Title Programming in C
260 ## - PUBLICATION, DISTRIBUTION, ETC. (IMPRINT)
Place of publication, distribution, etc New Delhi
Name of publisher, distributor, etc Cyber Tech
Date of publication, distribution, etc 2003
300 ## - PHYSICAL DESCRIPTION
Pages 335 p.
942 ## - ADDED ENTRY ELEMENTS (KOHA)
Koha item type Books
Holdings
Withdrawn status Lost status Damaged status Not for loan Location (home branch) Sublocation or collection (holding branch) Date acquired Koha issues (times borrowed) Koha full call number Accession No. Koha date last seen Koha item type Shelving location
        VIVEKANANDA LIBRARY VIVEKANANDA LIBRARY 29/11/2003   005.133 P192P 196200 17/09/2023 Books  
        VIVEKANANDA LIBRARY VIVEKANANDA LIBRARY 29/11/2003   005.133 P192P 196201 17/09/2023 Books  
        VIVEKANANDA LIBRARY VIVEKANANDA LIBRARY 29/11/2003   005.133 P192P 219329 17/09/2023 Books UIET Library
© Designed and Maintained by Vivekananda Library, MDU Rohtak